Statistics for Helldivers 2 all titles

Click here to take the quiz!

General Stats

  • This quiz has been taken 69 times
  • The average score is 6 of 12

Answer Stats

HintAnswer% Correct
Level 1Cadet
95%
Level 5Space Cadet
74%
Level 45Admiral
58%
DLCSuper Citizen
58%
Level 10Sergeant
51%
Level 30Death Captain
44%
Level 50Skull Admiral
44%
Level 20Chief
37%
Level 35Marshal
37%
Level 25Space Chief Prime
23%
Level 15Master Sergeant
21%
Level 40Star Marshal
14%

Score Distribution

Percentile by Number Answered

Percent of People with Each Score

Your Score History

You have not taken this quiz